General TNA Impact Wrestling Quiz - Statistics

General Stats
  • This quiz has been taken 160 times
  • The average score is 14 of 22
Answer Stats
Hint Answer % Correct
When was TNA founded? 2002
95%
Who founded TNA? Jeff Jarrett
92%
Who was the first TNA X Division Champion? AJ Styles
89%
Who was the first TNA World Heavyweight Champion? Kurt Angle
82%
Who has the most TNA World Heavyweight Championship reigns? Kurt Angle
82%
Who was the first person to be inducted into the TNA Hall of Fame? Sting
82%
Who was the first TNA Knockouts Champion? Gail Kim
78%
Gail Kim
78%
Who is the only Knockout to be inducted into the TNA Hall of Fame? Gail Kim
78%
Who is the only referee to be inducted into the TNA Hall of Fame? Earl Hebner
72%
Who was the longest reigning TNA World Heavyweight Champion? Bobby Roode
68%
Who won the first Bound for Glory Series? Bobby Roode
68%
Who were the first TNA World Tag Team Champions? Team 3D
62%
What is the only team to be inducted into the TNA Hall of Fame? Team 3D
62%
Who were the longest reigning TNA World Tag Team Champions? Beer Money
60%
Beer Money
60%
Who has the most TNA X Division Championship reigns? Chris Sabin
58%
Who has the most TNA Knockouts Championship reigns? Angelina Love
52%
What is TNA's version of the WWE Money in the Bank Ladder match? Feast or Fired
52%
Who was the longest reigning TNA X Division Champion? Austin Aries
48%
Who was the longest reigning TNA Knockouts Champion? Taryn Terrell
21%
Who has the most TNA World Tag Team Championships reigns? The Wolves
9%
No matching quizzes found
Score Distribution
Percent of People with Each Score
Percentile by Number Answered
Your Score History
You have not taken this quiz